[Event "Steyr Landesliga 1213"]
[Site "Austria"]
[Date "2013.02.02"]
[Round "6.3"]
[White "Stuhlik, Marko"]
[Black "Pesorda, Ivan"]
[Result "1/2-1/2"]
[WhiteElo "2136"]
[BlackElo "2274"]
[PlyCount "25"]
[EventDate "2012.09.22"]
[EventType "team-tourn"]
[EventRounds "11"]
[EventCountry "AUT"]
[SourceTitle "EXT 2014"]
[Source "ChessBase"]
[SourceDate "2013.11.20"]
[SourceVersion "1"]
[SourceVersionDate "2013.11.20"]
[SourceQuality "1"]
[WhiteTeam "Trofaiach Niklasdorf"]
[BlackTeam "Graz Strassenbahn"]
[WhiteTeamCountry "AUT"]
[BlackTeamCountry "AUT"]

1. g3 c5 2. c4 g6 3. Bg2 Bg7 4. Nc3 Nc6 5. Nf3 e6 6. a3 d5 7. cxd5 exd5 8. d3 Nge7 9. Bg5 h6 10. Bd2 0-0 11. Rc1 Be6 12. Na4 b6 13. b4 1/2-1/2

[Event "Steyr Landesliga 1213"]
[Site "Austria"]
[Date "2012.12.01"]
[Round "5.3"]
[White "Rogulj, Branko"]
[Black "Stuhlik, Marko"]
[Result "1/2-1/2"]
[WhiteElo "2414"]
[BlackElo "2136"]
[PlyCount "58"]
[EventDate "2012.09.22"]
[EventType "team-tourn"]
[EventRounds "11"]
[EventCountry "AUT"]
[SourceTitle "EXT 2014"]
[Source "ChessBase"]
[SourceDate "2013.11.20"]
[SourceVersion "1"]
[SourceVersionDate "2013.11.20"]
[SourceQuality "1"]
[WhiteTeam "Graz Styria"]
[BlackTeam "Trofaiach Niklasdorf"]
[WhiteTeamCountry "AUT"]
[BlackTeamCountry "AUT"]

1. e4 c6 2. d4 g6 3. Nc3 d6 4. Bc4 Bg7 5. Qf3 e6 6. Nge2 Nd7 7. Bf4 Qe7 8. Qg3 e5 9. Bg5 Ngf6 10. d5 Nb6 11. Bb3 h6 12. Be3 c5 13. a4 0-0 14. a5 Nbd7 15. f3 Nh5 16. Qf2 f5 17. 0-0 Kh8 18. Qe1 Ndf6 19. h3 f4 20. Bf2 Nh7 21. Kh1 Ng5 22. Ng1 Bf6 23. Ba4 Rg8 24. Nce2 Nf7 25. c4 Ng7 26. b4 cxb4 27. Qxb4 Bh4 28. Qe1 Bxf2 29. Qxf2 Ng5 1/2-1/2

[Event "AUT-chT2O 1112"]
[Site "Austria"]
[Date "2012.04.29"]
[Round "11.5"]
[White "Reinwald, Patrick"]
[Black "Stuhlik, Marko"]
[Result "1-0"]
[WhiteElo "2126"]
[BlackElo "2178"]
[PlyCount "81"]
[EventDate "2011.10.15"]
[EventType "team-tourn"]
[EventRounds "11"]
[EventCountry "AUT"]
[SourceTitle "EXT 2013"]
[Source "ChessBase"]
[SourceDate "2012.11.22"]
[SourceVersion "1"]
[SourceVersionDate "2012.11.22"]
[SourceQuality "1"]
[WhiteTeam "Wien Husek"]
[BlackTeam "Waehring"]
[WhiteTeamCountry "AUT"]
[BlackTeamCountry "AUT"]

1. e4 g6 2. d4 Bg7 3. Nf3 d6 4. Nc3 a6 5. a4 b6 6. Bc4 e6 7. 0-0 Ne7 8. Re1 0-0 9. Bg5 f6 10. Be3 c6 11. d5 exd5 12. Nxd5 Nxd5 13. Bxd5+ Kh8 14. Bb3 Qc7 15. Bf4 Rd8 16. Qd2 Bg4 17. Rad1 Bxf3 18. gxf3 c5 19. Bxd6 Qc8 20. Qf4 Nc6 21. Bc7 Rxd1 22. Rxd1 Nd4 23. Rxd4 cxd4 24. Bd5 b5 25. axb5 axb5 26. Bxa8 Qxa8 27. Qd6 Qc8 28. Qd8+ Qxd8 29. Bxd8 f5 30. b3 Be5 31. h3 Kg7 32. Kf1 Kh6 33. Ke2 Kh5 34. Kd3 h6 35. f4 Bxf4 36. exf5 gxf5 37. Kxd4 b4 38. c4 bxc3 39. Kxc3 Be5+ 40. Kc4 f4 41. f3 1-0

[Event "AUT-ch"]
[Site "Vienna"]
[Date "2010.07.30"]
[Round "7"]
[White "Stuhlik, Marko"]
[Black "Platzgummer, Fabian"]
[Result "1/2-1/2"]
[WhiteElo "2216"]
[BlackElo "2351"]
[PlyCount "43"]
[EventDate "2010.07.24"]
[EventType "swiss"]
[EventRounds "9"]
[EventCountry "AUT"]
[SourceTitle "CBM 137 Extra"]
[Source "ChessBase"]
[SourceDate "2010.09.01"]
[SourceVersion "1"]
[SourceVersionDate "2010.09.01"]
[SourceQuality "1"]

1. g3 d5 2. Nf3 Nf6 3. Bg2 c6 4. c4 Bg4 5. cxd5 Nxd5 6. Nc3 Nxc3 7. bxc3 Nd7 8. 0-0 e5 9. d3 Bd6 10. a4 0-0 11. Be3 Qc7 12. Qb3 Bc5 13. Bxc5 Nxc5 14. Qc4 Bxf3 15. Bxf3 Nd7 16. a5 Rac8 17. Rfb1 Kh8 18. Qb4 Rb8 19. Qe7 Rbe8 20. Qb4 Rb8 21. Qe7 Rbe8 22. Qb4 1/2-1/2

[Event "Vienna op 16th"]
[Site "Vienna"]
[Date "2009.08.15"]
[Round "1"]
[White "Bisztyga, Oliver"]
[Black "Stuhlik, Marko"]
[Result "0-1"]
[WhiteElo "1916"]
[BlackElo "2201"]
[PlyCount "56"]
[EventDate "2009.08.15"]
[EventType "swiss"]
[EventRounds "9"]
[EventCountry "AUT"]
[SourceTitle "CBM 131 Extra"]
[Source "ChessBase"]
[SourceDate "2009.09.03"]
[SourceVersion "2"]
[SourceVersionDate "2009.09.16"]
[SourceQuality "1"]

1. d4 g6 2. e4 c6 3. c4 d6 4. Nf3 Bg7 5. Nc3 Na6 6. Be2 Nh6 7. 0-0 0-0 8. Bf4 f6 9. Rb1 e5 10. Bc1 Nc7 11. d5 c5 12. b4 cxb4 13. Rxb4 Nf7 14. a4 f5 15. Nd2 Bh6 16. Ba3 Ne8 17. Rb2 b6 18. a5 Nf6 19. exf5 gxf5 20. Nf3 Kh8 21. Qa4 Bd7 22. Qb3 Rg8 23. axb6 axb6 24. Bxd6 Nxd6 25. Qxb6 Qe7 26. c5 Nde4 27. Nxe4 fxe4 28. d6 Qg7 0-1

[Event "AUT-chT2M 0708"]
[Site "Austria"]
[Date "2008.04.05"]
[Round "10.5"]
[White "Stuhlik, Marko"]
[Black "Krebs, Johann"]
[Result "0-1"]
[WhiteElo "2252"]
[BlackElo "2241"]
[PlyCount "102"]
[EventDate "2007.10.13"]
[EventType "team"]
[EventRounds "11"]
[EventCountry "AUT"]
[SourceTitle "EXT 2009"]
[Source "ChessBase"]
[SourceDate "2008.11.26"]
[SourceVersion "1"]
[SourceVersionDate "2008.11.26"]
[SourceQuality "1"]
[WhiteTeam "Trofaiach Niklasdorf"]
[BlackTeam "Graz Strassenbahn"]
[WhiteTeamCountry "AUT"]
[BlackTeamCountry "AUT"]

1. b3 Nf6 2. Bb2 g6 3. Nf3 Bg7 4. e3 0-0 5. Be2 c5 6. c4 Nc6 7. 0-0 d6 8. d3 a6 9. Nbd2 b5 10. Rb1 Bd7 11. Ne4 Nxe4 12. dxe4 b4 13. Bxg7 Kxg7 14. Ne1 a5 15. Nd3 a4 16. Rb2 axb3 17. axb3 Ne5 18. Nf4 Bc6 19. Bd3 Ra3 20. Bb1 Qa8 21. f3 Ra1 22. Rff2 Qb7 23. h3 Rd8 24. Rfd2 Rda8 25. Kf2 Qa7 26. Ne2 Nd7 27. g4 h6 28. Qc2 Nf6 29. Ng3 Rh8 30. h4 h5 31. g5 Nd7 32. f4 Qb7 33. Rd1 Qc8 34. Qc1 Ra3 35. e5 dxe5 36. f5 e4 37. Bxe4 Ne5 38. Qb1 Rd8 39. Rxd8 Qxd8 40. Ke2 Qa8 41. Bxc6 Qxc6 42. Qe4 Qxe4 43. Nxe4 gxf5 44. Nxc5 Ra1 45. Rd2 Rh1 46. Rd4 Ng4 47. Na6 e5 48. Rd8 Rh2+ 49. Kf3 Rh3+ 50. Ke2 Rxe3+ 51. Kd2 Rxb3 0-1